Caricamento...

Dispute resolution in sport :

"An increasing number of sport disputes are being resolved by way of arbitration. This is the first book to critically examine the process and benefits of sport-specific arbitration as compared to litigation.The book explores, in depth, the development of alternative dispute resolutions in spor...

Descrizione completa

Dettagli Bibliografici
Autore principale: McArdle, David
Natura: Printed Book
Pubblicazione: London Routledge 2015
Serie:Ethics and sport
Soggetti:
LEADER 03510nam a2200265 4500
020 |a 9781138695191 
082 0 0 |a 344.0189143  |b McA/D 
100 1 |a McArdle, David, 
245 1 0 |a Dispute resolution in sport : 
260 |a London  |b Routledge  |c 2015 
300 |a xvi, 194 pages ; 
490 0 |a Ethics and sport 
520 |a "An increasing number of sport disputes are being resolved by way of arbitration. This is the first book to critically examine the process and benefits of sport-specific arbitration as compared to litigation.The book explores, in depth, the development of alternative dispute resolutions in sports, paying particular attention to high-profile institutions such as the Court of Arbitration for Sport, the FIFA Football Dispute Resolution Panel, important national-level bodies including the Canadian, United States and New Zealand Sports Arbitration bodies and their relationship with national and international-level actors such as the IOC, WADA and the European Union. It also examines in detail the legal frameworks within which sports arbitration systems operate, considers their similarities with other arbitral bodies and considers the extent to which ADR in sport can be seen as a consequence of, and perhaps a solution to, the 'juridification' of sports.Offering a theoretical basis with which to understand the relationship between arbitration and litigation, as well as providing guidance on key contemporary issues and best practice, this book is important reading for students, researchers and practitioners working in sports law, sports management and administration, sports politics, sports ethics, and international organisation"-- 
520 |a "An increasing number of sport disputes are being resolved by way of arbitration. This is the first book to critically examine the process and benefits of sport-specific arbitration as compared to litigation. The book explores, in depth, the development of alternative dispute resolutions in sports, paying particular attention to high-profile institutions such as the Court of Arbitration for Sport, the FIFA Football Dispute Resolution Panel, important national-level bodies including the Canadian, United States and New Zealand Sports Arbitration bodies and their relationship with national and international-level actors such as the IOC, WADA and the European Union. It also examines in detail the legal frameworks within which sports arbitration systems operate, considers their similarities with other arbitral bodies and considers the extent to which ADR in sport can be seen as a consequence of, and perhaps a solution to, the 'juridification' of sports. Offering a theoretical basis with which to understand the relationship between arbitration and litigation, as well as providing guidance on key contemporary issues and best practice, this book is important reading for students, researchers and practitioners working in sports law, sports management and administration, sports politics, sports ethics, and international organisation"-- 
650 0 |a Sports 
650 0 |a Professional sports 
650 0 |a Dispute resolution (Law) 
650 0 |a Athletes 
650 0 |a Arbitration (International law) 
650 7 |a LAW / Sports. 
650 7 |a SPORTS & RECREATION / General. 
650 7 |a SPORTS & RECREATION / Business Aspects. 
942 |c BK 
999 |c 45109  |d 45109 
952 |0 0  |1 0  |4 0  |6 344_018914300000000_MCAD  |7 0  |8 Stack  |9 49092  |a KUCL  |b KUCL  |c Stack  |d 2018-03-21  |l 0  |o 344.0189143 McA/D  |p 45793  |r 2018-03-21  |w 2018-03-21  |y BK